Brawlers Destruídores do Brawl Stars - Statistics

Estatísticas Gerais
  • Esse quiz foi jogado 5 vezes
  • A pontuação média é 9 de 18
Estatísticas das Respostas
Resposta % Correto
Shelly
100%
Spike
100%
Clancy
75%
Colt
75%
8-bit
50%
Carl
50%
Chester
50%
Colette
50%
Lumi
50%
Nita
50%
Rico
50%
Surge
50%
Tara
50%
Eve
25%
Lola
25%
Moe
25%
Pearl
25%
RT
25%
Nenhum quiz correspondente encontrado
Distribuição das Pontuações
Porcentagem de Pessoas com Cada Pontuação
Percentil de Números Respondidos
Sua Pontuação Histórica
Você não jogou esse quiz